LOL - Chi ride è fuori - Statistics

Statistiche generali
  • Questo quiz è stato fatto 40 volte
  • Il punteggio medio è 26 su 60
Statistiche sulle risposte
Risposta % Corretto
Lillo
91%
Angelo Pintus
85%
Frank Matano
82%
Elio
76%
Katia Follesa
76%
Maccio Capatonda
65%
Gianluca "Fru" Colucci
62%
Mago Forest
62%
Nino Frassica
62%
Virginia Raffaele
62%
Caterina Guzzanti
59%
Corrado Guzzanti
59%
Diego Abatantuono
59%
Luca Ravenna
59%
Max Angioni
59%
Andrea Pisani
56%
Ciro Priello
56%
Aurora Leone
47%
Geppi Cucciari
47%
Michela Giraud
47%
Enrico Brignano
44%
Paolo Kessisoglu
44%
Tommaso "Tommycassi" Cassissa
44%
Diana Del Bufalo
41%
Fabio Balsamo
41%
Federico Basso
41%
Herbert Ballerina
41%
Brenda Lodigiani
38%
Flora Canto
38%
Giorgio Panariello
38%
Luca Bizzarri
38%
Marina Massironi
38%
Alessandro Ciacci
35%
Alice Mangione
35%
Claudio Santamaria
35%
Cristiano Caccamo
35%
Loris "Lunanzio" Fabiani
35%
Maria Di Biase
35%
Paolo Cevoli
35%
Tess Masazza
35%
Edoardo Ferrario
32%
Gianluca "Scintilla" Fubelli
32%
Lucia Ocone
32%
Raul Cremona
32%
Angela Finocchiaro
29%
Carlo Amleto
29%
Gianmarco Pozzoli
29%
Giovanni Esposito
29%
Marta Zoboli
29%
Maurizio Lastrico
29%
Rocco Tanica
29%
Sergio Friscia
29%
Ufozero2
29%
Valeria Graci
29%
Francesco Mandelli
26%
Marta Filippi
26%
Paola Minaccioni
26%
Valentina Barbieri
26%
Yoko Yamada
26%
Barbara Foria
24%
Nessun quiz corrispondente trovato
Distribuzione punteggi
Percentuale di utenti per punteggio
Percentile per numero di risposta
I tuoi punteggi nel tempo
Non hai fatto questo quiz